000 00372nam a2200145Ia 4500
008 230917s9999||||xx |||||||||||||| ||und||
040 _e51838
_aMAIN
041 _aEnglish
082 _aB N315J:S
100 _aSharma, Jagdish Saran
245 0 _aJawaharlal Nehru: A descriptive bibliography
260 _aDelhi
_bS Chand
_c1955
300 _axiii, 421 p.
942 _cBK
999 _c182612
_d182612